5HLuxD.jpg

KING HENRY VIII SENIOR AND PRIMARY SCHOOL LIBRARY OPAC

Rotten Romans / (Record no. 4012)

000 -LEADER
fixed length control field 02138cam a2200481 i 4500
001 - CONTROL NUMBER
control field .b30705940
003 - CONTROL NUMBER IDENTIFIER
control field OSt
005 - DATE AND TIME OF LATEST TRANSACTION
control field 20250227161902.0
008 - FIXED-LENGTH DATA ELEMENTS--GENERAL INFORMATION
fixed length control field 230107r20071994enkab j 001 0 eng
020 ## - INTERNATIONAL STANDARD BOOK NUMBER
International Standard Book Number 9780439944007
Qualifying information (pbk.)
040 ## - CATALOGING SOURCE
Original cataloging agency UKM
Language of cataloging eng
Transcribing agency UKM
Modifying agency YDXCP
-- AU@
-- OCLCQ
-- OCLCO
-- AUMCS
-- OCLCF
-- OCLCO
-- OCLCQ
-- OCL
-- AUHCL
-- OCLCQ
-- OCLCA
-- UKMGB
-- OCLCO
-- KNV
-- OCLCO
-- RDI
-- KH8
042 ## - AUTHENTICATION CODE
Authentication code nbic
043 ## - GEOGRAPHIC AREA CODE
Geographic area code e-uk---
-- e------
-- aw-----
-- ff-----
050 #4 - LIBRARY OF CONGRESS CALL NUMBER
Classification number DA145
Item number .D43 2007
082 04 - DEWEY DECIMAL CLASSIFICATION NUMBER
Classification number 937 DEA
Edition number 22
100 1# - MAIN ENTRY--PERSONAL NAME
Personal name Deary, Terry,
Relator term author.
245 10 - TITLE STATEMENT
Title Rotten Romans /
Statement of responsibility, etc. Terry Deary ; illustrated by Martin Brown.
264 #1 - PRODUCTION, PUBLICATION, DISTRIBUTION, MANUFACTURE, AND COPYRIGHT NOTICE
Place of production, publication, distribution, manufacture London :
Name of producer, publisher, distributor, manufacturer Scholastic,
Date of production, publication, distribution, manufacture, or copyright notice 2007.
300 ## - PHYSICAL DESCRIPTION
Extent 141 pages :
Other physical details illustrations, map ;
Dimensions 20 cm.
336 ## - CONTENT TYPE
Content type term text
Content type code txt
Source rdacontent.
337 ## - MEDIA TYPE
Media type term unmediated
Media type code n
Source rdamedia.
338 ## - CARRIER TYPE
Carrier type term volume
Carrier type code nc
Source rdacarrier.
490 1# - SERIES STATEMENT
Series statement Horrible histories.
500 ## - GENERAL NOTE
General note Originally published: London: Scholastic, 1994.
500 ## - GENERAL NOTE
General note Includes index.
520 ## - SUMMARY, ETC.
Summary, etc. It's history with the nasty bits left in! Want to know: What Roman soldiers wore under their kilts? How Ancient Britons got their hair nice and spikey? Why rich Romans needed a vomitorium? Discover all the foul facts about the Rotten Romans - all the gore and more!
648 #7 - SUBJECT ADDED ENTRY--CHRONOLOGICAL TERM
Chronological term 55 B.C.-449 A.D
Source of heading or term fast.
650 #0 - SUBJECT ADDED ENTRY--TOPICAL TERM
Topical term or geographic name entry element Romans
Geographic subdivision Great Britain
Form subdivision Juvenile literature.
650 #6 - SUBJECT ADDED ENTRY--TOPICAL TERM
Topical term or geographic name entry element Romains
Geographic subdivision Grande-Bretagne
Form subdivision Ouvrages pour la jeunesse.
650 #7 - SUBJECT ADDED ENTRY--TOPICAL TERM
Topical term or geographic name entry element Manners and customs.
Source of heading or term fast
Authority record control number or standard number (OCoLC)fst01007815.
650 #7 - SUBJECT ADDED ENTRY--TOPICAL TERM
Topical term or geographic name entry element Romans.
Source of heading or term fast
Authority record control number or standard number (OCoLC)fst01100116.
651 #0 - SUBJECT ADDED ENTRY--GEOGRAPHIC NAME
Geographic name Rome
General subdivision History
Form subdivision Juvenile literature.
651 #0 - SUBJECT ADDED ENTRY--GEOGRAPHIC NAME
Geographic name Rome
General subdivision Social life and customs
Form subdivision Juvenile literature.
651 #0 - SUBJECT ADDED ENTRY--GEOGRAPHIC NAME
Geographic name Great Britain
General subdivision History
Chronological subdivision Roman period, 55 B.C.-449 A.D.
Form subdivision Juvenile literature.
651 #6 - SUBJECT ADDED ENTRY--GEOGRAPHIC NAME
Geographic name Rome
General subdivision Histoire
Form subdivision Ouvrages pour la jeunesse.
651 #7 - SUBJECT ADDED ENTRY--GEOGRAPHIC NAME
Geographic name Great Britain.
Source of heading or term fast
Authority record control number or standard number (OCoLC)fst01204623.
651 #7 - SUBJECT ADDED ENTRY--GEOGRAPHIC NAME
Geographic name Rome (Empire)
Source of heading or term fast
Authority record control number or standard number (OCoLC)fst01204885.
655 #7 - INDEX TERM--GENRE/FORM
Genre/form data or focus term History.
Source of term fast
Authority record control number or standard number (OCoLC)fst01411628.
655 #7 - INDEX TERM--GENRE/FORM
Genre/form data or focus term Juvenile works.
Source of term fast
Authority record control number or standard number (OCoLC)fst01411637.
700 1# - ADDED ENTRY--PERSONAL NAME
Personal name Brown, Martin,
Dates associated with a name 1959-
Relator term illustrator.
830 #0 - SERIES ADDED ENTRY--UNIFORM TITLE
Uniform title Horrible histories.
942 ## - ADDED ENTRY ELEMENTS (KOHA)
Source of classification or shelving scheme
Koha item type Books - Non Ficton
Holdings
Withdrawn status Lost status Source of classification or shelving scheme Damaged status Not for loan Collection code Permanent Location Current Location Shelving location Date acquired Full call number Barcode Date last seen Price effective from Koha item type Public note
          Non-Fiction KH8 Primary School Library KH8 Primary School Library Non Fiction 2024-12-10 937 DEA KHPL000004714 2025-12-05 2024-12-10 Books - Non Ficton  
          Non-Fiction KH8 Primary School Library KH8 Primary School Library Non Fiction 2024-12-10 937 DEA KHPL000006338 2025-12-05 2024-12-10 Books - Non Ficton KH8 PRIMARY LIBRARY

Powered By KH8 IT Dept